| 000 | 00000nam 2200000zi 4500 |
| 001 | 9.949283 |
| 003 | CaOODSP |
| 005 | 20250319141102 |
| 006 | m o d f |
| 007 | cr mn||||||||| |
| 008 | 250319e202412##onc ob f000 0 fre d |
| 040 | |aCaOODSP|bfre|erda|cCaOODSP |
| 043 | |an-cn--- |
| 086 | 1 |aPS64-254/2024F-PDF |
| 245 | 00|aCybergroupes violents exploitant les enfants et les jeunes. |
| 264 | 1|a[Ottawa] : |bGendarmerie royale du Canada = Royal Canadian Mounted Police, |cdécembre 2024. |
| 300 | |a1 ressource en ligne (3 pages) |
| 336 | |atexte|btxt|2rdacontent/fre |
| 337 | |ainformatique|bc|2rdamedia/fre |
| 338 | |aressource en ligne|bcr|2rdacarrier/fre |
| 500 | |aTitre de départ. |
| 500 | |a« NON CLASSIFIÉ. » |
| 500 | |aPublié aussi en anglais sous le titre : Violent online groups exploiting children and youth. |
| 504 | |aComprend des références bibliographiques (page 3). |
| 520 | |a« Des cybergroupes violents en ligne ciblent et manipulent des enfants et des jeunes vulnérables sur des plateformes facilement accessibles afin de les amener à poser des gestes violents, notamment à s’automutiler, à torturer et à tuer des animaux et à produire du matériel d’exploitation sexuelle d’enfants. Le réseau en ligne connu sous le nom de « The Com », une forme abrégée de « Community » (la communauté) est composé de plusieurs groupes, associations et sous-groupes qui évoluent constamment. « The Com » est une communauté virtuelle de groupes et d’individus qui exercent des activités illicites et glorifient la violence sérieuse, la cruauté et le gore. Il est reconnu que certains membres/groupes du réseau « The Com » ont des points de vue idéologiques extrêmes et victimisent des enfants en les désensibilisant et en les amenant à se radicaliser jusqu’à la violence » -- Page 1. |
| 650 | 6|aGroupes haineux|zCanada. |
| 650 | 6|aCyberprédateurs|zCanada. |
| 650 | 6|aInternet et jeunesse|zCanada. |
| 650 | 6|aJeunesse|xCrimes contre|zCanada. |
| 650 | 6|aInternet et enfants|zCanada. |
| 650 | 6|aEnfants|xCrimes contre|zCanada. |
| 650 | 6|aExploitation (Morale) |
| 710 | 2 |aGendarmerie royale du Canada, |eorganisme de publication. |
| 775 | 08|tViolent online groups exploiting children and youth.|w(CaOODSP)9.949188 |
| 856 | 40|qPDF|s387 Ko|uhttps://publications.gc.ca/collections/collection_2025/grc-rcmp/PS64-254-2024-fra.pdf |
| 856 | 4 |qHTML|sS.O.|uhttps://grc.ca/fr/police-federale/securite-nationale/cybergroupes-violents-exploitant-enfants-et-jeunes |